Growing up absurd

Gardado en:
Detalles Bibliográficos
Autor Principal: Goodman, Paul
Formato: Libro
Idioma:Undetermined
Publicado: New York Vintage Books 1960
Những chủ đề:
Các nhãn: Engadir etiqueta
Sen Etiquetas, Sexa o primeiro en etiquetar este rexistro!
Thư viện lưu trữ: Trung tâm Học liệu Trường Đại học Cần Thơ
LEADER 00451nam a2200181Ia 4500
001 CTU_89296
008 210402s9999 xx 000 0 und d
082 |a 301 
082 |b G653 
100 |a Goodman, Paul 
245 0 |a Growing up absurd 
245 0 |c Paul Goodman 
260 |a New York 
260 |b Vintage Books 
260 |c 1960 
650 |a Social proplems 
904 |i Nguyên 
980 |a Trung tâm Học liệu Trường Đại học Cần Thơ